000 00616nam a22002537a 4500
003 UA-OsUOA
001 30790
007 ta
008 20041115b un ||||| |||| 00| 0 ukr d
100 _aКозьмин Б. П.
090 _a82.09
_bК59
942 _cBK
040 _aUA-OsUOA
_brus
_cUA-OsUOA
_dUA-OsUOA
245 _aЛитература и история
300 _a512 с.
955 _a0
041 _arus
080 _a82.09
260 _aМосква
_bХудожественная литература
_c1982
044 _aRU
250 _n2-е изд.
650 7 _2UDC
999 _c317205
_d317205